[Event "World op 53rd"]
[Site "Philadephia"]
[Date "2025.07.04"]
[Round "3"]
[White "Hardaway, Brewington"]
[Black "Petesch, Gabriel Nicholas"]
[Result "1/2-1/2"]
[WhiteElo "2498"]
[BlackElo "2291"]
[PlyCount "136"]
[EventDate "2025.07.03"]
[EventType "swiss"]
[EventRounds "9"]
[EventCountry "USA"]
[SourceTitle "CB28_2025"]
[SourceDate "2025.07.09"]
[SourceVersion "1"]
[SourceVersionDate "2025.07.09"]
[SourceQuality "1"]

1. e4 d6 2. d4 Nf6 3. Nc3 e5 4. Nf3 Nbd7 5. a4 c6 6. a5 Be7 7. Be2 0-0 8. 0-0 Re8 9. Re1 Qc7 10. h3 Bf8 11. d5 Nc5 12. Nd2 Bd7 13. Bf1 cxd5 14. exd5 Reb8 15. Nc4 b5 16. axb6 axb6 17. Rxa8 Rxa8 18. Na3 Qb7 19. Bc4 Na6 20. Bg5 Ne8 21. Bb5 Bxb5 22. Ncxb5 Nec7 23. c4 Rc8 24. Qg4 Rb8 25. Ra1 Ne8 26. Nc2 g6 27. Qf3 f5 28. Bd2 Ra8 29. g4 fxg4 30. Qxg4 Nc5 31. b4 Rxa1+ 32. Nxa1 Nf6 33. Qf3 Ncd7 34. Nc2 Qc8 35. Ne3 Kg7 36. Bc3 Be7 37. Kh2 Kf7 38. h4 Qf8 39. Nc7 Qc8 40. Nb5 Qf8 41. Qh3 Kg7 42. Be1 Qf7 43. Qe6 Nf8 44. Qxf7+ Kxf7 45. Nd1 e4 46. Bd2 Ng4+ 47. Kh3 Ne5 48. Nb2 Nfd7 49. Be3 Nd3 50. Nxd3 exd3 51. f4 Nf6 52. Nc3 Nh5 53. Kg4 Bd8 54. Kf3 Ng7 55. Ke4 Nf5 56. Bf2 d2 57. Kd3 d1Q+ 58. Nxd1 Nxh4 59. Nc3 Nf5 60. Na4 h5 61. Nxb6 h4 62. Ke4 h3 63. Kf3 g5 64. fxg5 Bxg5 65. Nc8 Ke8 66. Bg1 Kd7 67. Kg4 Be3 68. Bh2 Nh6+ 1/2-1/2

[Event "American Continental 19th"]
[Site "Foz do Iguacu"]
[Date "2025.05.29"]
[Round "9"]
[White "Hardaway, Brewington"]
[Black "Tomiello, Lucas Costamilan"]
[Result "1/2-1/2"]
[WhiteElo "2502"]
[BlackElo "2308"]
[PlyCount "82"]
[EventDate "2025.05.23"]
[EventType "swiss"]
[EventRounds "11"]
[EventCountry "BRA"]
[SourceTitle "CB23_2025"]
[SourceDate "2025.06.04"]
[SourceVersion "1"]
[SourceVersionDate "2025.06.04"]
[SourceQuality "1"]

1. e4 c5 2. Nc3 Nc6 3. Nf3 e5 4. Bc4 d6 5. d3 Be7 6. Nd2 Nf6 7. Nf1 Bg4 8. f3 Be6 9. Ne3 0-0 10. 0-0 Re8 11. Ncd5 Nb4 12. Nxf6+ Bxf6 13. c3 Nc6 14. Nd5 Rb8 15. a4 Bg5 16. g3 Bxc1 17. Rxc1 a6 18. f4 exf4 19. gxf4 b5 20. axb5 axb5 21. Ba2 Ne7 22. Nxe7+ Qxe7 23. Bb1 f5 24. Qf3 b4 25. Rce1 Qf7 26. Rf2 bxc3 27. bxc3 Qf6 28. e5 dxe5 29. fxe5 Qf7 30. Qe3 Rb3 31. c4 Qe7 32. Bc2 Rb2 33. Ra1 Reb8 34. Ra6 R8b6 35. Ra8+ Rb8 36. Ra6 R8b6 37. Ra8+ Rb8 38. Ra6 R8b6 39. Ra8+ Rb8 40. Ra6 R8b6 41. Ra8+ Rb8 1/2-1/2

[Event "American Continental 19th"]
[Site "Foz do Iguacu"]
[Date "2025.05.25"]
[Round "4"]
[White "Matsuura, Everaldo"]
[Black "Hardaway, Brewington"]
[Result "1/2-1/2"]
[WhiteElo "2354"]
[BlackElo "2502"]
[PlyCount "57"]
[EventDate "2025.05.23"]
[EventType "swiss"]
[EventRounds "11"]
[EventCountry "BRA"]
[SourceTitle "CB23_2025"]
[SourceDate "2025.06.04"]
[SourceVersion "1"]
[SourceVersionDate "2025.06.04"]
[SourceQuality "1"]

1. d4 d5 2. c4 e6 3. Nc3 Nf6 4. Bg5 Be7 5. e3 c6 6. Nf3 0-0 7. Rc1 Nbd7 8. Qc2 h6 9. Bf4 Nh5 10. Be5 Nxe5 11. dxe5 g6 12. Bd3 Ng7 13. 0-0 b6 14. Rfd1 Qe8 15. h3 Bb7 16. cxd5 exd5 17. e4 d4 18. Nxd4 Bg5 19. Rb1 Bf4 20. Nf3 Bxe5 21. Nxe5 Qxe5 22. Qd2 g5 23. Bc4 Ne6 24. Qd7 Rab8 25. Bxe6 fxe6 26. Rd6 Rbe8 27. Rbd1 Qg7 28. Qe7 Qf7 29. Qxf7+ 1/2-1/2

[Event "Princeton op"]
[Site "Princeton"]
[Date "2025.04.19"]
[Round "7"]
[White "Tanenbaum, Zachary Chen"]
[Black "Hardaway, Brewington"]
[Result "0-1"]
[WhiteElo "2330"]
[BlackElo "2497"]
[PlyCount "160"]
[EventDate "2025.04.16"]
[EventType "swiss"]
[EventRounds "9"]
[EventCountry "USA"]
[SourceTitle "CB17_2025"]
[SourceDate "2025.04.23"]
[SourceVersion "1"]
[SourceVersionDate "2025.04.23"]
[SourceQuality "1"]

1. e4 c5 2. Nf3 d6 3. d4 cxd4 4. Nxd4 Nf6 5. Nc3 Nc6 6. Bc4 e6 7. Be3 Bd7 8. Qe2 a6 9. 0-0-0 Qc7 10. Nxc6 Bxc6 11. Bf4 b5 12. Bb3 Be7 13. Rhe1 0-0 14. Kb1 Rfe8 15. a3 Nd7 16. Rd3 a5 17. Rg3 b4 18. Bh6 g6 19. h4 bxc3 20. h5 Bf8 21. hxg6 fxg6 22. Rh1 Bxh6 23. Qh5 Nf8 24. Qxh6 a4 25. Ba2 Qg7 26. Qxg7+ Kxg7 27. Rxc3 Rac8 28. f3 d5 29. exd5 Bxd5 30. Rxc8 Bxa2+ 31. Kxa2 Rxc8 32. Kb1 Nd7 33. b3 h5 34. Rh4 axb3 35. cxb3 Rc3 36. Kb2 Re3 37. Rc4 Kf6 38. a4 Ne5 39. Rc3 Re2+ 40. Ka3 Rxg2 41. a5 Rd2 42. b4 Rd1 43. b5 Ra1+ 44. Kb4 Nd7 45. Rb3 g5 46. b6 h4 47. Kb5 h3 48. Rb2 Nb8 49. Rh2 Rb1+ 50. Kc5 Rc1+ 51. Kb5 Rb1+ 52. Kc5 Rd1 53. Rxh3 Rd5+ 54. Kc4 Rxa5 55. Rh8 Nd7 56. b7 Rc5+ 57. Kb4 Rc1 58. Kb5 Rc7 59. b8Q Nxb8 60. Rxb8 Rc3 61. Kb4 Rc1 62. Rg8 Kf5 63. Rf8+ Ke5 64. Rg8 Kf4 65. Rf8+ Ke3 66. Rf6 Rf1 67. Rxe6+ Kxf3 68. Rf6+ Kg2 69. Rg6 Rf4+ 70. Kc3 g4 71. Kd2 g3 72. Ke3 Rf8 73. Rg7 Kh2 74. Rh7+ Kg1 75. Rh6 g2 76. Ke2 Re8+ 77. Kd3 Re5 78. Kd4 Re2 79. Kd3 Kf1 80. Rh2 Re7 0-1

[Event "Princeton op"]
[Site "Princeton"]
[Date "2025.04.18"]
[Round "4"]
[White "Hardaway, Brewington"]
[Black "Vaibhav, Kalpaka"]
[Result "1/2-1/2"]
[WhiteElo "2497"]
[BlackElo "2204"]
[PlyCount "59"]
[EventDate "2025.04.16"]
[EventType "swiss"]
[EventRounds "9"]
[EventCountry "USA"]
[SourceTitle "CB17_2025"]
[SourceDate "2025.04.23"]
[SourceVersion "1"]
[SourceVersionDate "2025.04.23"]
[SourceQuality "1"]

1. e4 e5 2. Nf3 Nc6 3. Bb5 a6 4. Ba4 Nf6 5. 0-0 Be7 6. Bxc6 dxc6 7. d3 Nd7 8. Be3 0-0 9. Nc3 c5 10. a4 b6 11. Nd2 Bb7 12. Nc4 Bd6 13. Ne2 Qe7 14. Ng3 g6 15. Qg4 Nf6 16. Qh4 Nd7 17. Bg5 f6 18. Bh6 Rf7 19. f4 exf4 20. Nxd6 cxd6 21. Qxf4 Qe5 22. Qc1 d5 23. Bf4 Qd4+ 24. Be3 Qe5 25. Re1 dxe4 26. dxe4 Re8 27. Bf4 Qd4+ 28. Be3 Qe5 29. Bf4 Qd4+ 30. Be3 1/2-1/2

[Event "Wch Blitz"]
[Site "New York"]
[Date "2024.12.30"]
[Round "6"]
[White "Hardaway, Brewington"]
[Black "Akobian, Varuzhan"]
[Result "1-0"]
[WhiteElo "2499"]
[BlackElo "2564"]
[PlyCount "95"]
[EventDate "2024.12.30"]
[EventType "swiss (blitz)"]
[EventRounds "13"]
[EventCountry "USA"]
[SourceTitle "CB01_2025"]
[SourceDate "2025.01.01"]
[SourceVersion "1"]
[SourceVersionDate "2025.01.01"]
[SourceQuality "1"]

1. e4 e6 2. d4 d5 3. Nd2 Nf6 4. e5 Nfd7 5. Bd3 c5 6. c3 Nc6 7. Ne2 Qb6 8. Nf3 cxd4 9. cxd4 f6 10. exf6 Nxf6 11. 0-0 Bd6 12. Rb1 e5 13. dxe5 Nxe5 14. Nxe5 Bxe5 15. Be3 Qd8 16. h3 0-0 17. Bd4 Bxd4 18. Nxd4 Bd7 19. Qb3 Qb6 20. Qxb6 axb6 21. a3 Kf7 22. f3 Rfe8 23. Kf2 Rac8 24. Rfe1 Rxe1 25. Rxe1 g6 26. f4 Re8 27. Rxe8 Kxe8 28. Ke3 Ke7 29. g4 Kd6 30. Nf3 Ng8 31. Ng5 Nf6 32. Nf7+ Ke7 33. Ne5 Be6 34. Kd4 Kd6 35. b4 Ng8 36. Nf3 Ne7 37. Ng5 h6 38. Nxe6 Kxe6 39. Bxg6 Nc6+ 40. Ke3 Kd6 41. Bd3 Nd8 42. h4 Ne6 43. Bf5 Ng7 44. Bg6 Ne6 45. Bf7 Nd8 46. Bg8 Nc6 47. h5 Ke7 48. Bxd5 1-0

[Event "Wch Blitz"]
[Site "New York"]
[Date "2024.12.30"]
[Round "8"]
[White "Hardaway, Brewington"]
[Black "Paravyan, David"]
[Result "1/2-1/2"]
[WhiteElo "2499"]
[BlackElo "2620"]
[PlyCount "117"]
[EventDate "2024.12.30"]
[EventType "swiss (blitz)"]
[EventRounds "13"]
[EventCountry "USA"]
[SourceTitle "CB01_2025"]
[SourceDate "2025.01.01"]
[SourceVersion "1"]
[SourceVersionDate "2025.01.01"]
[SourceQuality "1"]

1. e4 e5 2. Nf3 Nf6 3. Nc3 Nc6 4. h3 Bb4 5. Bd3 0-0 6. 0-0 Re8 7. Re1 Bc5 8. Bc4 d6 9. d3 Na5 10. Bg5 Nxc4 11. dxc4 h6 12. Bxf6 Qxf6 13. Nd5 Qd8 14. b4 Bb6 15. Qd2 Be6 16. a3 Rf8 17. Qc3 c6 18. Nxb6 axb6 19. c5 bxc5 20. bxc5 Qa5 21. Qxa5 Rxa5 22. cxd6 Rfa8 23. Reb1 R8a7 24. Rb6 f6 25. Rab1 Rxa3 26. Ne1 R3a4 27. Nd3 Rd4 28. Rxb7 Rxb7 29. Rxb7 Rxd6 30. Kf1 Rd4 31. f3 Rc4 32. Rb2 h5 33. h4 Ra4 34. Rb6 Rc4 35. Rb2 Rc3 36. Ke2 Bc4 37. Kd2 Ra3 38. Nb4 Bb5 39. Ra2 Rxa2 40. Nxa2 g5 41. g3 Kf7 42. Nc3 Bc4 43. Ke3 Ke6 44. Nd1 gxh4 45. gxh4 f5 46. exf5+ Kxf5 47. Nf2 Bd5 48. Nh1 Bf7 49. Ng3+ Ke6 50. f4 Bg6 51. c3 exf4+ 52. Kxf4 Kd5 53. Kg5 Bf7 54. Nxh5 Kc4 55. Nf6 Kxc3 56. Nd7 Kd4 57. h5 Bxh5 58. Kxh5 c5 59. Nxc5 1/2-1/2

[Event "Wch Blitz"]
[Site "New York"]
[Date "2024.12.30"]
[Round "1"]
[White "Hardaway, Brewington"]
[Black "Suleymanli, Aydin Elshan"]
[Result "1-0"]
[WhiteElo "2499"]
[BlackElo "2623"]
[PlyCount "151"]
[EventDate "2024.12.30"]
[EventType "swiss (blitz)"]
[EventRounds "13"]
[EventCountry "USA"]
[SourceTitle "CB01_2025"]
[SourceDate "2025.01.01"]
[SourceVersion "1"]
[SourceVersionDate "2025.01.01"]
[SourceQuality "1"]

1. e4 e6 2. d4 d5 3. Nd2 c5 4. Ngf3 Nf6 5. exd5 exd5 6. Bb5+ Bd7 7. Qe2+ Be7 8. dxc5 0-0 9. 0-0 Re8 10. Nb3 Bxc5 11. Qd3 Bb6 12. Bg5 Bxb5 13. Qxb5 Qd7 14. Qd3 Ne4 15. Rad1 Nc6 16. c3 h6 17. Bh4 g5 18. Bg3 f5 19. Qb5 f4 20. Rxd5 Qf7 21. Rf5 Nd6 22. Rxg5+ hxg5 23. Qxg5+ Qg7 24. Qxf4 Ne4 25. Nh4 Nxg3 26. hxg3 Ne7 27. a4 Rf8 28. Qc4+ Qf7 29. Qg4+ Kh8 30. Nd2 Rg8 31. Qh3 Qh7 32. Ne4 Raf8 33. Qe6 Qf7 34. Qh6+ Qh7 35. Qe6 Qf7 36. Qh6+ Qh7 37. Qe6 Qg7 38. Kh2 Ng6 39. Nf3 Bc7 40. Neg5 Rf6 41. Qh3+ Nh4 42. Qxh4+ Rh6 43. Nf7+ Kh7 44. Qxh6+ Qxh6+ 45. Nxh6 Kxh6 46. Rd1 Bb6 47. Rd2 Re8 48. Nd4 Kg5 49. Nf3+ Kg4 50. Kg1 Re4 51. b3 Kf5 52. Kf1 Re7 53. a5 Bc7 54. Rd4 a6 55. g4+ Kf6 56. b4 Rh7 57. Ke2 Re7+ 58. Kd3 Rh7 59. Rd5 Rg7 60. Rf5+ Ke7 61. g5 Rg6 62. Nd4 Bd8 63. f4 Bc7 64. Ke4 Rg8 65. Rf6 Rd8 66. Re6+ Kd7 67. f5 Rh8 68. Rh6 Re8+ 69. Ne6 Bd8 70. Rh7+ Kc8 71. g6 Bf6 72. g7 Bxc3 73. Kd5 Bb2 74. g4 Kb8 75. Rh8 Rxh8 76. gxh8Q+ 1-0

[Event "Wch Blitz"]
[Site "New York"]
[Date "2024.12.30"]
[Round "13"]
[White "Hardaway, Brewington"]
[Black "Tari, Aryan"]
[Result "0-1"]
[WhiteElo "2499"]
[BlackElo "2629"]
[PlyCount "142"]
[EventDate "2024.12.30"]
[EventType "swiss (blitz)"]
[EventRounds "13"]
[EventCountry "USA"]
[SourceTitle "CB01_2025"]
[SourceDate "2025.01.01"]
[SourceVersion "1"]
[SourceVersionDate "2025.01.01"]
[SourceQuality "1"]

1. e4 c6 2. d4 d5 3. Nc3 dxe4 4. Nxe4 Nf6 5. Nxf6+ exf6 6. Be3 Bd6 7. Qf3 Be6 8. Bd3 Bd5 9. Qh3 Be6 10. Qf3 Bd5 11. Qh3 Na6 12. c3 Nc7 13. Ne2 Be6 14. Qf3 Nd5 15. Bd2 Qd7 16. h3 f5 17. 0-0 0-0 18. Rfe1 Ne7 19. Nf4 Bxf4 20. Bxf4 Ng6 21. b3 a5 22. Bc2 Bd5 23. Qg3 Rfe8 24. Rad1 Be4 25. Bxe4 fxe4 26. c4 a4 27. Bc1 axb3 28. Qxb3 b5 29. d5 bxc4 30. Qxc4 cxd5 31. Rxd5 Qe6 32. Rd4 Qxc4 33. Rxc4 f5 34. Rc2 Ne5 35. Be3 f4 36. Bd4 Nd3 37. Rb1 Re7 38. Re2 Ra4 39. Bc3 Rc7 40. Ba1 Kf7 41. Rd1 Rd7 42. Bc3 g5 43. Kf1 Kg6 44. Red2 Rc7 45. Ba1 Re7 46. Re2 Ra3 47. Bd4 Kf5 48. Rc2 Rd7 49. Bb6 Rb7 50. Bd4 Rd7 51. Bb6 Rd6 52. Bc7 Rda6 53. Rdd2 h5 54. Bd8 g4 55. hxg4+ hxg4 56. Bc7 f3 57. gxf3 gxf3 58. Bg3 Rb6 59. Rd1 Rh6 60. Kg1 Ra8 61. Rxd3 exd3 62. Rc5+ Ke4 63. Re5+ Kd4 64. Re7 Rxa2 65. Be5+ Kc4 66. Bg7 Rg6+ 67. Kh1 Rxg7 68. Rxg7 d2 69. Rc7+ Kd3 70. Rd7+ Ke2 71. Re7+ Kxf2 0-1

[Event "Wch Blitz"]
[Site "New York"]
[Date "2024.12.30"]
[Round "12"]
[White "Lu, Shanglei"]
[Black "Hardaway, Brewington"]
[Result "1-0"]
[WhiteElo "2609"]
[BlackElo "2499"]
[PlyCount "123"]
[EventDate "2024.12.30"]
[EventType "swiss (blitz)"]
[EventRounds "13"]
[EventCountry "USA"]
[SourceTitle "CB01_2025"]
[SourceDate "2025.01.01"]
[SourceVersion "1"]
[SourceVersionDate "2025.01.01"]
[SourceQuality "1"]

1. e4 e5 2. Bc4 Nf6 3. d3 c6 4. Nf3 d5 5. Bb3 a5 6. a4 Bb4+ 7. c3 Bd6 8. exd5 cxd5 9. Bg5 Be6 10. Na3 Nbd7 11. Nb5 Bb8 12. d4 e4 13. Nd2 h6 14. Bh4 Bf4 15. Nf1 0-0 16. Ne3 Qb8 17. Qe2 Re8 18. Bg3 Nb6 19. 0-0 Bxg3 20. fxg3 Qd8 21. Qf2 Rc8 22. Qf4 Nh5 23. Qf2 Rc6 24. g4 Nf6 25. Qg3 Qb8 26. Qh4 Nh7 27. Qh5 Qd8 28. Qh3 Qg5 29. Qg3 Nf6 30. Rf4 h5 31. h4 Qg6 32. g5 Ng4 33. Raf1 Re7 34. Na3 Nxe3 35. Qxe3 Nc8 36. Nb5 Nd6 37. Nxd6 Rxd6 38. Bd1 Bd7 39. Be2 Rb6 40. c4 Rxb2 41. cxd5 Bxa4 42. Qa3 Rb4 43. Qc3 Qb6 44. Qc5 Rc7 45. Qxb6 Rxb6 46. Bxh5 g6 47. Bg4 Bc2 48. h5 gxh5 49. Bxh5 e3 50. Bxf7+ Kg7 51. Be6 Bd3 52. Re1 e2 53. Kf2 a4 54. Rf3 Bc4 55. Rc3 Rb3 56. Rc2 b5 57. Rexe2 Re7 58. Re5 a3 59. g6 Bd3 60. d6 Bxc2 61. dxe7 Bxg6 62. Bxb3 1-0

[Event "Wch Blitz"]
[Site "New York"]
[Date "2024.12.30"]
[Round "7"]
[White "Volokitin, Andrei"]
[Black "Hardaway, Brewington"]
[Result "0-1"]
[WhiteElo "2649"]
[BlackElo "2499"]
[PlyCount "90"]
[EventDate "2024.12.30"]
[EventType "swiss (blitz)"]
[EventRounds "13"]
[EventCountry "USA"]
[SourceTitle "CB01_2025"]
[SourceDate "2025.01.01"]
[SourceVersion "1"]
[SourceVersionDate "2025.01.01"]
[SourceQuality "1"]

1. e4 e5 2. Nf3 Nc6 3. Bc4 Bc5 4. 0-0 Nf6 5. d3 d6 6. c3 a5 7. Re1 0-0 8. h3 h6 9. Nbd2 Be6 10. Bb5 Nd7 11. Nf1 d5 12. exd5 Bxd5 13. Ne3 Bxe3 14. Rxe3 f5 15. Bxc6 bxc6 16. c4 Bxf3 17. Qxf3 Qf6 18. Bd2 e4 19. Qd1 Nc5 20. Bc3 Qd6 21. dxe4 Nxe4 22. Qf3 Nxc3 23. Rxc3 Rad8 24. Re3 Rf6 25. Rae1 Kh7 26. Re7 Rd7 27. Rxd7 Qxd7 28. Qf4 Qd6 29. Qe5 Qb4 30. b3 a4 31. Re3 axb3 32. axb3 Qd6 33. h4 Rf7 34. Qe8 Rf8 35. Qe7 Rf6 36. h5 Qd1+ 37. Re1 Qxh5 38. Qxc7 Qg5 39. Qc8 Rg6 40. g3 Rd6 41. Re8 Qf6 42. Rf8 Qe6 43. Rh8+ Kg6 44. Qc7 Rd1+ 45. Kh2 Qe4 0-1

[Event "Wch Rapid"]
[Site "New York"]
[Date "2024.12.28"]
[Round "11"]
[White "Chirila, Ioan Cristian"]
[Black "Hardaway, Brewington"]
[Result "1-0"]
[WhiteElo "2500"]
[BlackElo "2181"]
[PlyCount "89"]
[EventDate "2024.12.26"]
[EventType "swiss (rapid)"]
[EventRounds "13"]
[EventCountry "USA"]
[SourceTitle "CB01_2025"]
[SourceDate "2025.01.01"]
[SourceVersion "1"]
[SourceVersionDate "2025.01.01"]
[SourceQuality "1"]

1. d4 Nf6 2. c4 e6 3. Nf3 d5 4. Nc3 Nbd7 5. Bf4 dxc4 6. e3 b5 7. Nxb5 Bb4+ 8. Nc3 Nd5 9. Rc1 Nxf4 10. exf4 Nb6 11. Bxc4 0-0 12. Bd3 Qf6 13. g3 Bb7 14. 0-0 Rfd8 15. Ne4 Qe7 16. Qe2 h6 17. a3 Bd6 18. Rfd1 a5 19. Nc5 Bd5 20. Be4 Rab8 21. Nd3 Qe8 22. Nfe5 Rdc8 23. Bxd5 Nxd5 24. Nc6 Ra8 25. Nde5 f6 26. Nd3 Ra6 27. Ndb4 Nxb4 28. axb4 Rxc6 29. Rxc6 axb4 30. Qe4 Qd7 31. Re1 Re8 32. Ra6 Qb5 33. Ra8 Rxa8 34. Qxa8+ Kf7 35. Qc8 Qd5 36. Qd7+ Kg6 37. Qe8+ Kh7 38. Qxe6 Qxd4 39. Qf5+ Kg8 40. Re8+ Kf7 41. Qd7+ Kg6 42. f5+ Kg5 43. Qxg7+ Kxf5 44. Qh7+ Kg4 45. Re4+ 1-0

[Event "Wch Rapid"]
[Site "New York"]
[Date "2024.12.27"]
[Round "6"]
[White "Carlsen, Magnus"]
[Black "Hardaway, Brewington"]
[Result "1-0"]
[WhiteElo "2838"]
[BlackElo "2181"]
[PlyCount "79"]
[EventDate "2024.12.26"]
[EventType "swiss (rapid)"]
[EventRounds "13"]
[EventCountry "USA"]
[SourceTitle "CB01_2025"]
[SourceDate "2025.01.01"]
[SourceVersion "1"]
[SourceVersionDate "2025.01.01"]
[SourceQuality "1"]

1. Nf3 Nf6 2. c4 e6 3. g3 d5 4. Bg2 d4 5. d3 c5 6. e4 Nc6 7. e5 Nd7 8. Qe2 Qc7 9. Bf4 h6 10. h4 b6 11. Nbd2 Bb7 12. a3 Be7 13. h5 0-0-0 14. Kf1 Rdg8 15. Ne4 Ncxe5 16. Nxe5 Nxe5 17. b4 f5 18. Nxc5 Bxg2+ 19. Kxg2 Qc6+ 20. f3 Nxf3 21. Qxe6+ Qxe6 22. Nxe6 Ng5 23. Rhe1 Nxe6 24. Rxe6 Kd7 25. Rae1 Re8 26. R1e5 Bf6 27. Rxe8 Rxe8 28. Rxe8 Kxe8 29. b5 Kd7 30. a4 Ke6 31. Bb8 Bd8 32. Bxa7 Kd6 33. Bb8+ Kc5 34. Be5 Bf6 35. Bc7 Bg5 36. Kf3 Bd2 37. Be5 Be3 38. Bxg7 Kb4 39. Be5 Kxa4 40. Bf4 1-0

[Event "Wch Rapid"]
[Site "New York"]
[Date "2024.12.27"]
[Round "9"]
[White "Rakhmanov, Alexander"]
[Black "Hardaway, Brewington"]
[Result "1-0"]
[WhiteElo "2561"]
[BlackElo "2181"]
[PlyCount "207"]
[EventDate "2024.12.26"]
[EventType "swiss (rapid)"]
[EventRounds "13"]
[EventCountry "USA"]
[SourceTitle "CB01_2025"]
[SourceDate "2025.01.01"]
[SourceVersion "1"]
[SourceVersionDate "2025.01.01"]
[SourceQuality "1"]

1. c4 e5 2. Nf3 Nc6 3. d4 exd4 4. Nxd4 Nf6 5. Nxc6 bxc6 6. g3 Bb4+ 7. Bd2 Qe7 8. Bg2 0-0 9. 0-0 d5 10. cxd5 cxd5 11. Bxb4 Qxb4 12. Qc2 Be6 13. Nd2 Rab8 14. b3 c5 15. Nf3 Rfc8 16. Ng5 c4 17. Nxe6 fxe6 18. Bh3 Kf7 19. bxc4 Rxc4 20. Qd3 Rc3 21. Qa6 Qb6 22. Qa4 Rc4 23. Qa3 Qc5 24. Qf3 Rb2 25. Rab1 Rxb1 26. Rxb1 Rc1+ 27. Rxc1 Qxc1+ 28. Kg2 Qc6 29. Qa3 Qb6 30. Qc1 Qd6 31. Qc8 h6 32. Kg1 Qb6 33. Qc1 Ne4 34. e3 Qa5 35. a3 Qc3 36. Qd1 Ke7 37. a4 Qd2 38. Qf1 Qb4 39. Qa1 Nc3 40. Bf1 a5 41. Bd3 e5 42. h4 d4 43. exd4 Qxd4 44. Qa3+ Kf7 45. Qb3+ Kf6 46. Bf1 Ne4 47. Qf3+ Ke7 48. Bb5 Qd5 49. Qg4 Kf6 50. Be8 Nd6 51. Qg6+ Ke7 52. Bb5 Qf7 53. Qd3 Qf5 54. Qd5 Qb1+ 55. Bf1 Qe1 56. Qg8 Ne8 57. Qc4 Qb4 58. Qc2 Nd6 59. Qg6 Kf8 60. Qe6 Qd4 61. Bg2 e4 62. Kh2 h5 63. Qd7 Qf6 64. Kg1 Qa1+ 65. Kh2 Qf6 66. Qc6 Qe5 67. Qc7 Qd5 68. Qd7 Qe5 69. Bh3 Qe7 70. Qc6 Qf6 71. Qa8+ Kf7 72. Qd5+ Kf8 73. Kg1 Qa1+ 74. Kg2 Qf6 75. Qxh5 g6 76. Qd5 Kg7 77. Bg4 e3 78. fxe3 Qe7 79. Qd4+ Kh7 80. Kh2 Qf8 81. Qf4 Qe7 82. h5 gxh5 83. Bxh5 Qe6 84. Bg4 Qa2+ 85. Kh3 Qd5 86. Bf3 Qd3 87. Bg2 Qd1 88. Qh4+ Kg6 89. Qg4+ Qxg4+ 90. Kxg4 Nc4 91. Kf4 Kf6 92. g4 Nb2 93. g5+ Ke6 94. Bc6 Nd3+ 95. Ke4 Nf2+ 96. Kf3 Nd3 97. Bb5 Ne5+ 98. Ke4 Ng4 99. Bc4+ Kd6 100. g6 Nf6+ 101. Kf5 Ne8 102. Bb5 Ng7+ 103. Kf6 Nh5+ 104. Kf7 1-0

[Event "Wch Rapid"]
[Site "New York"]
[Date "2024.12.26"]
[Round "5"]
[White "Hardaway, Brewington"]
[Black "Tari, Aryan"]
[Result "1/2-1/2"]
[WhiteElo "2181"]
[BlackElo "2559"]
[PlyCount "34"]
[EventDate "2024.12.26"]
[EventType "swiss (rapid)"]
[EventRounds "13"]
[EventCountry "USA"]
[SourceTitle "CB01_2025"]
[SourceDate "2025.01.01"]
[SourceVersion "1"]
[SourceVersionDate "2025.01.01"]
[SourceQuality "1"]

1. e4 e5 2. Nf3 Nc6 3. Bc4 Nf6 4. d3 Bc5 5. Nc3 h6 6. h3 a6 7. a4 d6 8. Be3 0-0 9. Bxc5 dxc5 10. 0-0 Be6 11. Nd2 Qe8 12. a5 Rd8 13. Bxe6 fxe6 14. Nc4 Nd7 15. Ne2 Nf6 16. Nc3 Nd7 17. Ne2 Nf6 1/2-1/2

[Event "Saint Louis Masters op"]
[Site "Saint Louis"]
[Date "2024.12.06"]
[Round "7"]
[White "Antipov, Mikhail Al"]
[Black "Hardaway, Brewington"]
[Result "1/2-1/2"]
[WhiteElo "2594"]
[BlackElo "2499"]
[PlyCount "163"]
[EventDate "2024.12.03"]
[EventType "swiss"]
[EventRounds "9"]
[EventCountry "USA"]
[SourceTitle "CB50_2024"]
[SourceDate "2024.11.01"]
[SourceVersion "1"]
[SourceVersionDate "2024.11.01"]
[SourceQuality "2"]

1. e4 e5 2. Nf3 Nc6 3. Bc4 Bc5 4. 0-0 Nf6 5. d3 d6 6. c3 a5 7. Re1 0-0 8. h3 h6 9. Nbd2 Be6 10. Bb5 Nd7 11. Ba4 Re8 12. b3 Qf6 13. Bb2 Ba7 14. Qe2 Ne7 15. a3 Ng6 16. d4 Nf4 17. Qf1 c6 18. b4 b5 19. Bc2 Nb6 20. Re3 Nc4 21. Nxc4 Bxc4 22. Qd1 Qg6 23. Ne1 axb4 24. axb4 Bb6 25. Kh2 Qf6 26. Nf3 Ne6 27. Kg1 Nf4 28. Kh2 Ne6 29. g3 Ng5 30. Kg2 Nxf3 31. Rxf3 Qe6 32. Re3 Qf6 33. Kg1 g6 34. h4 h5 35. Re1 d5 36. Rxa8 Rxa8 37. Qd2 Rd8 38. Kh2 Bc7 39. Kg2 Qe6 40. Qg5 Ra8 41. Bb1 dxe4 42. Bxe4 exd4 43. cxd4 Bd5 44. Bxd5 Qxd5+ 45. Qxd5 cxd5 46. Re7 Bd6 47. Rd7 Bxb4 48. Rxd5 Rb8 49. Rd7 Kf8 50. Kf3 Ke8 51. Ra7 Rc8 52. d5 Bd6 53. Bd4 Rb8 54. Ke4 Rc8 55. Ra6 Kd7 56. Rb6 b4 57. f4 Rc1 58. Rb7+ Rc7 59. Rb5 Rc1 60. Be5 Re1+ 61. Kd4 Rd1+ 62. Ke3 Rc1 63. Bd4 Rc8 64. Rb7+ Rc7 65. Rb6 Rc1 66. Ra6 Rc7 67. Rb6 Rc1 68. Rb7+ Rc7 69. Rb5 Rc1 70. Kd2 Rc8 71. Kd3 Rc1 72. Rb7+ Rc7 73. Rb6 Rc1 74. Bb2 Rc5 75. Rb7+ Rc7 76. Rxc7+ Bxc7 77. Bd4 Ba5 78. Kc4 b3 79. Kxb3 Be1 80. f5 Bxg3 81. fxg6 fxg6 82. Bf6 1/2-1/2

[Event "Saint Louis Masters op"]
[Site "Saint Louis"]
[Date "2024.12.05"]
[Round "5"]
[White "Antova, Gabriela"]
[Black "Hardaway, Brewington"]
[Result "0-1"]
[WhiteElo "2205"]
[BlackElo "2499"]
[PlyCount "70"]
[EventDate "2024.12.03"]
[EventType "swiss"]
[EventRounds "9"]
[EventCountry "USA"]
[SourceTitle "CB50_2024"]
[SourceDate "2024.11.01"]
[SourceVersion "1"]
[SourceVersionDate "2024.11.01"]
[SourceQuality "2"]

1. d4 e6 2. c4 Nf6 3. Nf3 d5 4. g3 Bd6 5. Bg2 0-0 6. Nc3 Nc6 7. c5 Be7 8. a3 a5 9. Rb1 b6 10. b4 axb4 11. axb4 bxc5 12. dxc5 Rb8 13. b5 Na5 14. c6 Nc4 15. Nd2 Nb6 16. Nf3 Nc4 17. Nd2 Nb6 18. Nf3 Bd6 19. 0-0 e5 20. Bg5 Be6 21. Ne1 e4 22. Nc2 h6 23. Be3 Nc4 24. Bd4 Ng4 25. h3 Nge5 26. f4 exf3 27. exf3 Bf5 28. Rb3 Nxc6 29. bxc6 Rxb3 30. Nxd5 Bxg3 31. f4 Rd3 32. Qh5 Bg6 33. Qg4 h5 34. Qd7 Qxd7 35. cxd7 Nd2 0-1

[Event "Saint Louis Masters op"]
[Site "Saint Louis"]
[Date "2024.12.03"]
[Round "1"]
[White "Shankland, Samuel L"]
[Black "Hardaway, Brewington"]
[Result "1-0"]
[WhiteElo "2672"]
[BlackElo "2499"]
[PlyCount "75"]
[EventDate "2024.12.03"]
[EventType "swiss"]
[EventRounds "9"]
[EventCountry "USA"]
[SourceTitle "CB50_2024"]
[SourceDate "2024.11.01"]
[SourceVersion "1"]
[SourceVersionDate "2024.11.01"]
[SourceQuality "2"]

1. d4 d5 2. Nf3 Nf6 3. Bf4 c5 4. e3 Nc6 5. h3 Qb6 6. Nc3 c4 7. Rb1 Qa5 8. Nd2 Bf5 9. g4 Bg6 10. h4 h5 11. g5 Nd7 12. Bg2 e6 13. 0-0 Bb4 14. e4 Nxd4 15. exd5 Bxc2 16. Nxc4 Qc5 17. Nd6+ Kf8 18. Nde4 Qc4 19. Qd2 Bxe4 20. Bxe4 exd5 21. Bg2 Bxc3 22. Bd6+ Kg8 23. bxc3 Ne2+ 24. Kh2 Nxc3 25. Rxb7 Qc6 26. Rxd7 Qxd7 27. Be5 Rc8 28. Re1 Qg4 29. Bxc3 Qxh4+ 30. Kg1 Rxc3 31. Qxc3 Qxg5 32. Re5 Qg4 33. Qd3 g6 34. Qxd5 Kg7 35. Re4 Qc8 36. Qd4+ Kh7 37. Re7 Qf5 38. Qd5 1-0